000 00493nam a2200181Ia 4500
003 GCL
008 140319s9999 xx 000 0 eng d
040 _aGCL /
_cGCL
082 0 4 _a628.01
_bS C
100 1 _aSAWYER, CLAIR N.
245 1 0 _aCHEMISTRY FOR ENVIRONMENTAL ENGINEERING /
_cSAWYER, CLAIR N.
260 _a[S.N] :
_bMC GRAW - HILL ،
_c1994
650 0 4 _aCHEMISTRY
650 0 4 _aENVIRONMENTAL CHEMISTRY
650 0 4 _aSANITARY ENGINEERING
650 0 4 _aSANITARY
942 _2ddc
_cBK
999 _c23482
_d23482